00696nam a2200193 a 450000100100000000500170001000800410002704000250006808200150009310000400010824500720014826000310022030000210025149000180027250000570029083000250034795201130037299900170048500004404020201002045117.0140514s1973 ve 000 f spa d aDO-SdBNPbspacBNPHU axxxxbxxxx1 aMárquez Cairós, Fernando97202010aEste combate no se decide todavía /cFernando Márquez Cairós. aCaracas :bFuentes,c1973. a233 p. ;c20 cm.1 aHistoria viva aIncluye datos biográficos del autor en las solapas 0aHistoria viva958574 001050718MOaGRbGRcCTd2014-05-14iLF1l0oxxxx xxxxp44040-10r2020-06-25w2020-06-25y1ZNo se presta c43529d43529